000 00357 a2200109 4500
001 ART_55790
005 20260410161800.0
008 260409a
245 1 0 _aDólar financiero (MEP, CCL): deducción en el impuesto a las ganancias.
100 1 _aGarcía, Roberto Martín
773 0 _tDoctrina tributaria
_g- N° 506 (mayo 2022)
_wREV4296
999 _c20512
_d20512